000 00565cam a2200205 4500500
005 20260405001304.0
041 _afre
042 _adc
100 1 0 _aPineau, Charlotte
_eauthor
245 0 0 _aÉpictète
260 _c2012.
500 _a58
690 _aBonheur
690 _aLiberté
690 _aSagesse
690 _aServitude
690 _aStoïcien
786 0 _nPhilosophie magazine | 59 | 5 | 2012-05-01 | p. 33-33 | 1951-1787
856 4 1 _uhttps://shs.cairn.info/magazine-philosophie-magazine-2012-5-page-33?lang=fr&redirect-ssocas=7080
999 _c2046001
_d2046001